| 000 | 01628cam a2200313 4500 | ||
|---|---|---|---|
| 001 | ABS64172 | ||
| 008 | 000000n2001 000 0 eng u | ||
| 035 | _a(Sirsi) u113513 | ||
| 100 | _aCross, S. | ||
| 245 | _aLaw of diminishing returns | ||
| 260 | _c2001 | ||
| 490 |
_aEstates Gazette _v(0124) 16 June 2001, 158-159(2) |
||
| 520 | _aIntroduces the new Civil Procedure Rules 55 and 56, which will come into force on 15 October 2001 and will change the way in which property litigation is conducted. Rule 55 covers possession claims by landlords, mortgagors or licensors; possession claims against trespassers; applications for relief from forfeiture; and the accelerated possession procedure for assured shorthold tenancies. Rule 56 covers proceedings under the Landlord and Tenant Acts, the Leasehold Property (Repairs) Act 1938, and other statutes concerning land, including leasehold enfranchisement. Sets out the timetable for court action in possession proceedings and the new procedure for lease renewal. Discusses the problems the changes could cause. | ||
| 590 | _aABS | ||
| 650 | _aCIVIL PROCEDURE RULES | ||
| 650 | _aCIVIL PROCEDURE RULES | ||
| 650 | _aCIVIL PROCEDURE RULES PART 55 | ||
| 650 | _aCIVIL PROCEDURE RULES PART 56 | ||
| 650 | _aLANDLORD AND TENANT ACT 1927 | ||
| 650 | _aLANDLORD AND TENANT ACT 1954 | ||
| 650 | _aLANDLORD AND TENANT ACT 1985 | ||
| 650 | _aLANDLORD AND TENANT ACT 1987 | ||
| 650 | _aLEASE RENEWAL | ||
| 650 | _aLEASEHOLD ENFRANCHISEMENT | ||
| 650 | _aLEASEHOLD PROPERTY (REPAIRS) ACT 1938 | ||
| 650 | _aPOSSESSION PROCEEDINGS | ||
| 690 | _aLAW | ||
| 942 | _n0 | ||
| 999 |
_c67621 _d67621 |
||